Psychologické aspekty vytrvalostního výkonu /

Hlavní autor: Kovářová, Lenka, 1979-
Jazyk: Čeština
Vydáno: Praha : Univerzita Karlova v Praze, nakladatelství Karolinum, 2015
Vydání: Vydání první
Témata:
Fyzický popis: 158 stran : ilustrace ; 21 cm
Language note: Anglické resumé
Knihy
Uloženo v:
LEADER 01791nam a2200505 i 4500
001 nkc20162779962
003 CZ PrNK
005 20160615103055.0
007 ta
008 160224s2015 xr a f 000 0 cze
015 |a cnb002779962 
020 |a 978-80-246-3230-8  |q (brožováno) 
035 |a (OCoLC)951553421 
040 |a ABA001  |b cze  |e rda 
041 0 |a cze  |b eng 
072 7 |a 796  |x Sport. Hry. Tělesná cvičení  |2 Konspekt  |9 20 
080 |a 796.093.643  |2 MRF 
080 |a 796.012.12  |2 MRF 
080 |a 159.928.23:796  |2 MRF 
080 |a 159.9  |2 MRF 
080 |a (048.8)  |2 MRF 
100 1 |a Kovářová, Lenka,  |d 1979-  |7 xx0145358  |4 aut 
245 1 0 |a Psychologické aspekty vytrvalostního výkonu /  |c Lenka Kovářová 
250 |a Vydání první 
264 1 |a Praha :  |b Univerzita Karlova v Praze, nakladatelství Karolinum,  |c 2015 
300 |a 158 stran :  |b ilustrace ;  |c 21 cm 
336 |a text  |b txt  |2 rdacontent 
337 |a bez média  |b n  |2 rdamedia 
338 |a svazek  |b nc  |2 rdacarrier 
504 |a Obsahuje bibliografii 
546 |a Anglické resumé 
650 0 7 |a triatlon  |7 ph126740  |2 czenas 
650 0 7 |a vytrvalostní schopnosti  |7 ph127292  |2 czenas 
650 0 7 |a sportovní talent  |7 ph803223  |x psychologické aspekty  |2 czenas 
650 0 9 |a triathlon  |2 eczenas 
650 0 9 |a endurance abilities  |2 eczenas 
650 0 9 |a sporting talent  |x psychological aspects  |2 eczenas 
655 7 |a monografie  |7 fd132842  |2 czenas 
655 9 |a monographs  |2 eczenas 
910 2 |a BOA001  |b 2-1368.580 
928 9 |a Karolinum 
990 |a BK 
995 |a 01 
996 6 |b 2610670638  |c 2-1368.580  |l MZK  |r Sklad / do 1 hodiny  |n 2  |p p.v.  |w 001561280  |u 000010  |a 1  |e BOA001  |j MZK50  |s P 
996 7 |b 2610673769  |c 2-1368.580  |l MZK  |r Sklad / do 1 hodiny  |n 11  |p kup  |w 001561280  |u 000020  |a 1  |e BOA001  |j MZK50  |s A